The new television technologies
Guardat en:
| Autor principal: | |
|---|---|
| Format: | Llibre |
| Idioma: | Undetermined |
| Publicat: |
Lowa
Wm. C. Brown Company Publishers
1983
|
| Matèries: | |
| Etiquetes: |
Afegir etiqueta
Sense etiquetes, Sigues el primer a etiquetar aquest registre!
|
| Thư viện lưu trữ: | Trung tâm Học liệu Trường Đại học Cần Thơ |
|---|
| LEADER | 00498nam a2200181Ia 4500 | ||
|---|---|---|---|
| 001 | CTU_84056 | ||
| 008 | 210402s9999 xx 000 0 und d | ||
| 082 | |a 621.388 | ||
| 082 | |b G878 | ||
| 100 | |a Gross, Lynne Schafer | ||
| 245 | 4 | |a The new television technologies | |
| 245 | 0 | |c Lynne Schafer Gross | |
| 260 | |a Lowa | ||
| 260 | |b Wm. C. Brown Company Publishers | ||
| 260 | |c 1983 | ||
| 650 | |a Television | ||
| 904 | |i QHieu(sửa) | ||
| 980 | |a Trung tâm Học liệu Trường Đại học Cần Thơ | ||